[Event "DVM U20 2020"]
[Site "Willingen GER"]
[Date "2021.06.27"]
[Round "7"]
[White "Pivtorak, Illia"]
[Black "Rogozenco, Teodora"]
[Result "1/2-1/2"]
[Termination "normal"]
[Board "4.4"]
[BlackTitle "WFM"]
[WhiteElo "1509"]
[BlackElo "1978"]
[WhiteClock "00:09:30"]
[BlackClock "00:25:14"]
[WhiteTeam "Schachklub König Plauen"]
[BlackTeam "Hamburger SK von 1830"]
[PlyCount "120"]
[WhiteFideId "14194317"]
[BlackFideId "12938084"]
[EventCountry "GER"]
[EventRounds "7"]
[EventType "team-swiss"]
[EventDate "2021.06.23"]

1. d4 {[%clk 01:30:56]} {[%emt 00:00:03]} c5 {[%clk 01:30:24]} {[%emt
00:00:36]} 2. c3 {[%clk 01:31:18]} {[%emt 00:00:09]} Qa5 {[%clk 01:18:00]}
{[%emt 00:12:53]} 3. e3 {[%clk 01:22:46]} {[%emt 00:09:02]} Nf6 {[%clk
01:16:54]} {[%emt 00:01:35]} 4. Nd2 {[%clk 01:22:29]} {[%emt 00:00:47]} Qc7
{[%clk 01:15:45]} {[%emt 00:01:40]} 5. Ngf3 {[%clk 01:20:19]} {[%emt 00:02:40]}
d5 {[%clk 01:13:59]} {[%emt 00:02:16]} 6. Bd3 {[%clk 01:19:33]} {[%emt
00:01:16]} Bg4 {[%clk 01:13:52]} {[%emt 00:00:37]} 7. h3 {[%clk 01:19:52]}
{[%emt 00:00:12]} Bh5 {[%clk 01:14:10]} {[%emt 00:00:11]} 8. Qa4+ {[%clk
01:14:13]} {[%emt 00:06:09]} Nbd7 {[%clk 01:12:55]} {[%emt 00:01:45]} 9. Ne5
{[%clk 01:10:22]} {[%emt 00:04:21]} Bg6 {[%clk 01:08:03]} {[%emt 00:05:22]} 10.
Bb5 {[%clk 01:04:42]} {[%emt 00:06:11]} a6 {[%clk 01:08:00]} {[%emt 00:00:33]}
11. Ndf3 {[%clk 00:54:14]} {[%emt 00:10:57]} O-O-O {[%clk 00:51:32]} {[%emt
00:16:58]} 12. Be2 {[%clk 00:37:22]} {[%emt 00:17:22]} Bh5 {[%clk 00:47:24]}
{[%emt 00:04:38]} 13. Bd2 {[%clk 00:30:52]} {[%emt 00:07:00]} Ne4 {[%clk
00:39:16]} {[%emt 00:08:37]} 14. Nxd7 {[%clk 00:28:10]} {[%emt 00:03:13]} Qxd7
{[%clk 00:39:35]} {[%emt 00:00:11]} 15. Qxd7+ {[%clk 00:28:32]} {[%emt
00:00:07]} Rxd7 {[%clk 00:39:18]} {[%emt 00:00:48]} 16. Ne5 {[%clk 00:28:06]}
{[%emt 00:00:56]} Bxe2 {[%clk 00:39:43]} {[%emt 00:00:05]} 17. Kxe2 {[%clk
00:28:17]} {[%emt 00:00:19]} Rc7 {[%clk 00:39:28]} {[%emt 00:00:45]} 18. Nxf7
{[%clk 00:28:39]} {[%emt 00:00:09]} Rg8 {[%clk 00:39:17]} {[%emt 00:00:40]} 19.
Ne5 {[%clk 00:23:16]} {[%emt 00:05:53]} e6 {[%clk 00:38:37]} {[%emt 00:01:10]}
20. Rhc1 {[%clk 00:19:21]} {[%emt 00:04:26]} c4 {[%clk 00:33:10]} {[%emt
00:05:56]} 21. f3 {[%clk 00:18:47]} {[%emt 00:01:04]} Nxd2 {[%clk 00:26:55]}
{[%emt 00:06:44]} 22. Kxd2 {[%clk 00:19:15]} {[%emt 00:00:03]} Bd6 {[%clk
00:26:29]} {[%emt 00:00:56]} 23. f4 {[%clk 00:18:45]} {[%emt 00:01:00]} g5
{[%clk 00:26:28]} {[%emt 00:00:32]} 24. g4 {[%clk 00:18:40]} {[%emt 00:00:35]}
h5 {[%clk 00:24:43]} {[%emt 00:02:14]} 25. Rf1 {[%clk 00:18:39]} {[%emt
00:00:30]} gxf4 {[%clk 00:17:42]} {[%emt 00:07:32]} 26. Rxf4 {[%clk 00:13:45]}
{[%emt 00:05:25]} Bxe5 {[%clk 00:12:52]} {[%emt 00:05:20]} 27. dxe5 {[%clk
00:14:13]} {[%emt 00:00:01]} hxg4 {[%clk 00:13:19]} {[%emt 00:00:03]} 28. Rxg4
{[%clk 00:13:46]} {[%emt 00:00:57]} Rh8 {[%clk 00:12:04]} {[%emt 00:01:46]} 29.
h4 {[%clk 00:13:50]} {[%emt 00:00:25]} Rch7 {[%clk 00:12:27]} {[%emt 00:00:06]}
30. Rh1 {[%clk 00:14:11]} {[%emt 00:00:09]} Rh5 {[%clk 00:12:46]} {[%emt
00:00:12]} 31. Ke2 {[%clk 00:13:14]} {[%emt 00:01:27]} Rxe5 {[%clk 00:11:59]}
{[%emt 00:01:16]} 32. Kf3 {[%clk 00:13:22]} {[%emt 00:00:23]} Kd7 {[%clk
00:09:53]} {[%emt 00:02:36]} 33. e4 {[%clk 00:11:49]} {[%emt 00:02:02]} Rf8+
{[%clk 00:09:15]} {[%emt 00:01:08]} 34. Ke3 {[%clk 00:11:55]} {[%emt 00:00:24]}
Rh8 {[%clk 00:08:52]} {[%emt 00:00:54]} 35. Kd4 {[%clk 00:08:32]} {[%emt
00:03:53]} Kd6 {[%clk 00:09:17]} {[%emt 00:00:04]} 36. exd5 {[%clk 00:08:33]}
{[%emt 00:00:30]} exd5 {[%clk 00:09:43]} {[%emt 00:00:04]} 37. Rg6+ {[%clk
00:06:02]} {[%emt 00:03:00]} Re6 {[%clk 00:10:07]} {[%emt 00:00:05]} 38. Rxe6+
{[%clk 00:06:16]} {[%emt 00:00:17]} Kxe6 {[%clk 00:10:33]} {[%emt 00:00:05]}
39. h5 {[%clk 00:06:39]} {[%emt 00:00:07]} Rh6 {[%clk 00:09:51]} {[%emt
00:01:12]} 40. Re1+ {[%clk 00:06:55]} {[%emt 00:00:14]} Kf7 {[%clk 00:08:37]}
{[%emt 00:01:44]} 41. Re5 {[%clk 00:07:03]} {[%emt 00:00:22]} Rb6 {[%clk
00:08:45]} {[%emt 00:00:21]} 42. Re2 {[%clk 00:04:00]} {[%emt 00:03:34]} Rh6
{[%clk 00:08:48]} {[%emt 00:00:27]} 43. Kxd5 {[%clk 00:02:16]} {[%emt
00:02:14]} Rxh5+ {[%clk 00:05:53]} {[%emt 00:03:25]} 44. Kxc4 {[%clk 00:02:35]}
{[%emt 00:00:11]} a5 {[%clk 00:03:11]} {[%emt 00:03:12]} 45. b4 {[%clk
00:27:35]} {[%emt 00:05:30]} b5+ {[%clk 00:32:40]} {[%emt 00:01:02]} 46. Kd3
{[%clk 00:26:38]} {[%emt 00:01:27]} axb4 {[%clk 00:27:21]} {[%emt 00:05:49]}
47. cxb4 {[%clk 00:27:01]} {[%emt 00:00:07]} Kf6 {[%clk 00:27:49]} {[%emt
00:00:02]} 48. Kc3 {[%clk 00:20:49]} {[%emt 00:06:41]} Rh4 {[%clk 00:27:38]}
{[%emt 00:00:42]} 49. Kb3 {[%clk 00:21:12]} {[%emt 00:00:08]} Rh3+ {[%clk
00:27:48]} {[%emt 00:00:18]} 50. Kb2 {[%clk 00:21:21]} {[%emt 00:00:21]} Rg3
{[%clk 00:26:29]} {[%emt 00:01:49]} 51. Rc2 {[%clk 00:18:56]} {[%emt 00:02:56]}
Ke6 {[%clk 00:26:01]} {[%emt 00:00:58]} 52. Rc3 {[%clk 00:19:03]} {[%emt
00:00:24]} Rg1 {[%clk 00:23:19]} {[%emt 00:03:12]} 53. Rc5 {[%clk 00:16:12]}
{[%emt 00:03:21]} Rg2+ {[%clk 00:23:34]} {[%emt 00:00:14]} 54. Rc2 {[%clk
00:16:37]} {[%emt 00:00:04]} Rg3 {[%clk 00:23:53]} {[%emt 00:00:11]} 55. Rc5
{[%clk 00:16:31]} {[%emt 00:00:36]} Rg2+ {[%clk 00:24:17]} {[%emt 00:00:07]}
56. Kb3 {[%clk 00:16:58]} {[%emt 00:00:03]} Rg3+ {[%clk 00:24:35]} {[%emt
00:00:12]} 57. Rc3 {[%clk 00:13:58]} {[%emt 00:03:29]} Rg1 {[%clk 00:24:59]}
{[%emt 00:00:06]} 58. Rc6+ {[%clk 00:13:51]} {[%emt 00:00:38]} Kd7 {[%clk
00:25:06]} {[%emt 00:00:23]} 59. Rc2 {[%clk 00:11:01]} {[%emt 00:03:20]} Rg3+
{[%clk 00:25:14]} {[%emt 00:00:21]} 60. Kb2 {[%clk 00:09:30]} {[%emt 00:02:02]}
Ke6 {[%emt 00:01:41]} 1/2-1/2

[Event "DVM U20 2020"]
[Site "Willingen GER"]
[Date "2021.06.27"]
[Round "7"]
[White "Foo, Tzun Hong"]
[Black "Nicklaus, Timm"]
[Result "1-0"]
[Termination "normal"]
[Board "4.5"]
[WhiteElo "1909"]
[BlackElo "1727"]
[WhiteClock "00:26:34"]
[BlackClock "00:59:19"]
[WhiteTeam "Hamburger SK von 1830"]
[BlackTeam "Schachklub König Plauen"]
[PlyCount "41"]
[WhiteFideId "12974200"]
[BlackFideId "12957143"]
[EventCountry "GER"]
[EventRounds "7"]
[EventType "team-swiss"]
[EventDate "2021.06.23"]

1. e4 {[%clk 01:30:56]} {[%emt 00:00:03]} c5 {[%clk 01:30:57]} {[%emt
00:00:03]} 2. Nf3 {[%clk 01:31:21]} {[%emt 00:00:05]} Nc6 {[%clk 01:31:24]}
{[%emt 00:00:03]} 3. b4 {[%clk 01:31:23]} {[%emt 00:00:28]} cxb4 {[%clk
01:31:18]} {[%emt 00:00:37]} 4. d4 {[%clk 01:31:42]} {[%emt 00:00:10]} d5
{[%clk 01:31:18]} {[%emt 00:00:30]} 5. exd5 {[%clk 01:32:00]} {[%emt 00:00:12]}
Qxd5 {[%clk 01:31:42]} {[%emt 00:00:06]} 6. c4 {[%clk 01:32:25]} {[%emt
00:00:06]} Qe4+ {[%clk 01:24:54]} {[%emt 00:07:18]} 7. Be3 {[%clk 01:32:22]}
{[%emt 00:00:32]} Bg4 {[%clk 01:22:56]} {[%emt 00:02:28]} 8. Be2 {[%clk
01:29:35]} {[%emt 00:03:17]} Bxf3 {[%clk 01:21:37]} {[%emt 00:01:50]} 9. Bxf3
{[%clk 01:29:57]} {[%emt 00:00:08]} Qg6 {[%clk 01:22:01]} {[%emt 00:00:06]} 10.
O-O {[%clk 01:28:00]} {[%emt 00:02:27]} Nf6 {[%clk 01:21:10]} {[%emt 00:01:21]}
11. Qa4 {[%clk 01:27:07]} {[%emt 00:01:23]} Nd7 {[%clk 01:20:09]} {[%emt
00:01:30]} 12. Nd2 {[%clk 01:17:21]} {[%emt 00:10:16]} e5 {[%clk 01:17:41]}
{[%emt 00:02:58]} 13. d5 {[%clk 01:09:38]} {[%emt 00:08:13]} Ncb8 {[%clk
01:17:55]} {[%emt 00:00:16]} 14. c5 {[%clk 01:03:09]} {[%emt 00:06:59]} Qa6
{[%clk 01:08:41]} {[%emt 00:09:44]} 15. Qc2 {[%clk 00:38:27]} {[%emt 00:25:11]}
Nf6 {[%clk 01:04:04]} {[%emt 00:05:08]} 16. c6 {[%clk 00:35:28]} {[%emt
00:03:30]} b6 {[%clk 01:03:46]} {[%emt 00:00:47]} 17. c7 {[%clk 00:30:11]}
{[%emt 00:05:47]} Nbd7 {[%clk 01:03:59]} {[%emt 00:00:16]} 18. Qc6 {[%clk
00:30:05]} {[%emt 00:00:36]} Rc8 {[%clk 01:03:47]} {[%emt 00:00:42]} 19. d6
{[%clk 00:26:58]} {[%emt 00:03:38]} h6 {[%clk 00:59:27]} {[%emt 00:04:50]} 20.
Be2 {[%clk 00:26:11]} {[%emt 00:01:17]} Qxe2 {[%clk 00:59:19]} {[%emt
00:00:39]} 21. Qb7 {[%clk 00:26:34]} {[%emt 00:00:06]} 1-0

[Event "DVM U20 2020"]
[Site "Willingen GER"]
[Date "2021.06.27"]
[Round "7"]
[White "Melitzki, Richard"]
[Black "Fuhrmann, Åke"]
[Result "0-1"]
[Termination "normal"]
[Board "4.6"]
[WhiteElo "1425"]
[BlackElo "1912"]
[WhiteClock "00:26:14"]
[BlackClock "00:33:36"]
[WhiteTeam "Schachklub König Plauen"]
[BlackTeam "Hamburger SK von 1830"]
[PlyCount "82"]
[WhiteFideId "16223420"]
[BlackFideId "12983853"]
[EventCountry "GER"]
[EventRounds "7"]
[EventType "team-swiss"]
[EventDate "2021.06.23"]

1. e4 {[%clk 01:30:57]} {[%emt 00:00:03]} c5 {[%clk 01:30:56]} {[%emt
00:00:05]} 2. Nf3 {[%clk 01:31:21]} {[%emt 00:00:05]} d6 {[%clk 01:31:22]}
{[%emt 00:00:04]} 3. d4 {[%clk 01:31:40]} {[%emt 00:00:11]} cxd4 {[%clk
01:31:46]} {[%emt 00:00:06]} 4. Nxd4 {[%clk 01:32:04]} {[%emt 00:00:06]} Nf6
{[%clk 01:32:11]} {[%emt 00:00:05]} 5. Nc3 {[%clk 01:32:27]} {[%emt 00:00:07]}
g6 {[%clk 01:32:36]} {[%emt 00:00:06]} 6. Be2 {[%clk 01:31:12]} {[%emt
00:01:45]} Bg7 {[%clk 01:32:57]} {[%emt 00:00:09]} 7. O-O {[%clk 01:31:34]}
{[%emt 00:00:09]} O-O {[%clk 01:33:15]} {[%emt 00:00:11]} 8. Be3 {[%clk
01:31:50]} {[%emt 00:00:14]} Nc6 {[%clk 01:33:35]} {[%emt 00:00:09]} 9. Kh1
{[%clk 01:25:38]} {[%emt 00:06:42]} Bd7 {[%clk 01:33:06]} {[%emt 00:00:59]} 10.
f4 {[%clk 01:24:58]} {[%emt 00:01:11]} Rc8 {[%clk 01:32:55]} {[%emt 00:00:40]}
11. Qe1 {[%clk 01:19:15]} {[%emt 00:06:13]} Ng4 {[%clk 01:30:56]} {[%emt
00:02:29]} 12. Nxc6 {[%clk 01:18:57]} {[%emt 00:00:49]} bxc6 {[%clk 01:29:56]}
{[%emt 00:01:29]} 13. Bd2 {[%clk 01:18:37]} {[%emt 00:00:50]} Nf6 {[%clk
01:17:23]} {[%emt 00:13:03]} 14. Bd3 {[%clk 01:09:11]} {[%emt 00:09:57]} Rb8
{[%clk 01:16:26]} {[%emt 00:01:27]} 15. Rb1 {[%clk 01:03:58]} {[%emt 00:05:43]}
c5 {[%clk 01:14:43]} {[%emt 00:02:13]} 16. e5 {[%clk 00:50:00]} {[%emt
00:14:28]} Ne8 {[%clk 01:11:22]} {[%emt 00:03:51]} 17. Qg3 {[%clk 00:46:27]}
{[%emt 00:04:03]} dxe5 {[%clk 01:09:59]} {[%emt 00:01:52]} 18. fxe5 {[%clk
00:46:50]} {[%emt 00:00:08]} Be6 {[%clk 01:09:24]} {[%emt 00:01:05]} 19. Be3
{[%clk 00:44:02]} {[%emt 00:03:18]} Qa5 {[%clk 01:06:56]} {[%emt 00:02:58]} 20.
h4 {[%clk 00:41:22]} {[%emt 00:03:10]} c4 {[%clk 01:04:45]} {[%emt 00:02:41]}
21. Be4 {[%clk 00:36:53]} {[%emt 00:04:58]} Bxe5 {[%clk 01:00:23]} {[%emt
00:04:53]} 22. Qf2 {[%clk 00:37:14]} {[%emt 00:00:08]} Nd6 {[%clk 00:52:16]}
{[%emt 00:08:37]} 23. Bf3 {[%clk 00:33:49]} {[%emt 00:03:55]} Nf5 {[%clk
00:51:39]} {[%emt 00:01:07]} 24. Bxa7 {[%clk 00:28:34]} {[%emt 00:05:46]} Ng3+
{[%clk 00:39:10]} {[%emt 00:12:58]} 25. Kg1 {[%clk 00:28:58]} {[%emt 00:00:06]}
Nxf1 {[%clk 00:39:05]} {[%emt 00:00:36]} 26. Bxb8 {[%clk 00:29:13]} {[%emt
00:00:15]} Rxb8 {[%clk 00:39:20]} {[%emt 00:00:14]} 27. Rxf1 {[%clk 00:28:14]}
{[%emt 00:01:29]} Rxb2 {[%clk 00:37:44]} {[%emt 00:02:07]} 28. Ne4 {[%clk
00:27:37]} {[%emt 00:01:06]} Qxa2 {[%clk 00:34:28]} {[%emt 00:03:47]} 29. Qc5
{[%clk 00:26:46]} {[%emt 00:01:21]} Bb8 {[%clk 00:33:19]} {[%emt 00:01:39]} 30.
Qxe7 {[%clk 00:26:38]} {[%emt 00:00:38]} Qa7+ {[%clk 00:33:41]} {[%emt
00:00:08]} 31. Qxa7 {[%clk 00:26:21]} {[%emt 00:00:46]} Bxa7+ {[%clk 00:34:07]}
{[%emt 00:00:04]} 32. Kh2 {[%clk 00:26:42]} {[%emt 00:00:08]} Rxc2 {[%clk
00:34:19]} {[%emt 00:00:19]} 33. Rd1 {[%clk 00:26:22]} {[%emt 00:00:50]} Bb8+
{[%clk 00:33:55]} {[%emt 00:00:55]} 34. Kh1 {[%clk 00:26:43]} {[%emt 00:00:08]}
Bf4 {[%clk 00:33:51]} {[%emt 00:00:33]} 35. Nf6+ {[%clk 00:25:10]} {[%emt
00:02:04]} Kg7 {[%clk 00:33:21]} {[%emt 00:01:01]} 36. Ne8+ {[%clk 00:25:09]}
{[%emt 00:00:31]} Kf8 {[%clk 00:31:51]} {[%emt 00:01:59]} 37. Nf6 {[%clk
00:25:14]} {[%emt 00:00:25]} Ke7 {[%clk 00:32:03]} {[%emt 00:00:18]} 38. Nxh7
{[%clk 00:25:22]} {[%emt 00:00:22]} Rc1 {[%clk 00:32:26]} {[%emt 00:00:07]} 39.
Ng5 {[%clk 00:25:25]} {[%emt 00:00:26]} Rxd1+ {[%clk 00:32:50]} {[%emt
00:00:08]} 40. Bxd1 {[%clk 00:25:48]} {[%emt 00:00:07]} Bxg5 {[%clk 00:33:13]}
{[%emt 00:00:06]} 41. hxg5 {[%clk 00:26:14]} {[%emt 00:00:04]} Bf5 {[%clk
00:33:36]} {[%emt 00:00:07]} 0-1

[Event "DVM U20 2020"]
[Site "Willingen GER"]
[Date "2021.06.27"]
[Round "7"]
[White "Kololli, Martin"]
[Black "Kracht, Raphael"]
[Result "1-0"]
[Termination "normal"]
[Board "5.1"]
[WhiteTitle "FM"]
[WhiteElo "2316"]
[BlackElo "2109"]
[WhiteClock "00:24:32"]
[BlackClock "00:02:51"]
[WhiteTeam "Lübecker SV von 1873"]
[BlackTeam "Schachfreunde Brackel 1930 e. V."]
[PlyCount "75"]
[WhiteFideId "12936910"]
[BlackFideId "16214382"]
[EventCountry "GER"]
[EventRounds "7"]
[EventType "team-swiss"]
[EventDate "2021.06.23"]

1. f4 {[%clk 01:30:55]} {[%emt 00:00:04]} Nh6 {[%clk 01:29:44]} {[%emt
00:01:17]} 2. Nf3 {[%clk 01:31:05]} {[%emt 00:00:20]} d5 {[%clk 01:29:54]}
{[%emt 00:00:19]} 3. g3 {[%clk 01:30:51]} {[%emt 00:00:45]} c5 {[%clk
01:29:22]} {[%emt 00:01:02]} 4. Bg2 {[%clk 01:31:05]} {[%emt 00:00:16]} Nc6
{[%clk 01:29:27]} {[%emt 00:00:25]} 5. O-O {[%clk 01:30:26]} {[%emt 00:01:09]}
Bg4 {[%clk 01:22:12]} {[%emt 00:07:45]} 6. c4 {[%clk 01:22:21]} {[%emt
00:08:35]} d4 {[%clk 01:15:33]} {[%emt 00:07:09]} 7. d3 {[%clk 01:16:28]}
{[%emt 00:06:23]} g6 {[%clk 01:13:06]} {[%emt 00:02:57]} 8. Ne5 {[%clk
01:09:57]} {[%emt 00:07:01]} Nxe5 {[%clk 01:07:48]} {[%emt 00:05:48]} 9. fxe5
{[%clk 01:09:15]} {[%emt 00:01:11]} Qd7 {[%clk 01:02:15]} {[%emt 00:06:04]} 10.
Qb3 {[%clk 01:04:13]} {[%emt 00:05:32]} Rb8 {[%clk 01:01:52]} {[%emt 00:00:53]}
11. e6 {[%clk 01:00:48]} {[%emt 00:03:55]} Bxe6 {[%clk 01:00:51]} {[%emt
00:01:31]} 12. Bf4 {[%clk 01:01:11]} {[%emt 00:00:07]} Rd8 {[%clk 01:00:53]}
{[%emt 00:00:28]} 13. Qxb7 {[%clk 01:01:11]} {[%emt 00:00:31]} Qxb7 {[%clk
00:58:35]} {[%emt 00:02:48]} 14. Bxb7 {[%clk 01:01:34]} {[%emt 00:00:06]} Bc8
{[%clk 00:58:10]} {[%emt 00:00:54]} 15. Bg2 {[%clk 00:57:38]} {[%emt 00:04:25]}
Bd7 {[%clk 00:58:02]} {[%emt 00:00:39]} 16. Nd2 {[%clk 00:44:38]} {[%emt
00:13:29]} f5 {[%clk 00:35:45]} {[%emt 00:22:47]} 17. Bc7 {[%clk 00:40:14]}
{[%emt 00:04:54]} Ng4 {[%clk 00:30:26]} {[%emt 00:05:49]} 18. Bxd8 {[%clk
00:40:35]} {[%emt 00:00:09]} Kxd8 {[%clk 00:30:53]} {[%emt 00:00:03]} 19. Bf3
{[%clk 00:38:43]} {[%emt 00:02:22]} Ne3 {[%clk 00:27:06]} {[%emt 00:04:18]} 20.
Rfc1 {[%clk 00:39:06]} {[%emt 00:00:07]} h5 {[%clk 00:25:41]} {[%emt 00:01:55]}
21. b4 {[%clk 00:36:55]} {[%emt 00:02:41]} cxb4 {[%clk 00:13:22]} {[%emt
00:12:49]} 22. a3 {[%clk 00:36:23]} {[%emt 00:01:01]} Bh6 {[%clk 00:13:26]}
{[%emt 00:00:26]} 23. axb4 {[%clk 00:36:34]} {[%emt 00:00:19]} Ng4 {[%clk
00:07:30]} {[%emt 00:06:26]} 24. Rc2 {[%clk 00:36:39]} {[%emt 00:00:26]} h4
{[%clk 00:04:38]} {[%emt 00:03:23]} 25. Nf1 {[%clk 00:34:04]} {[%emt 00:03:04]}
hxg3 {[%clk 00:04:08]} {[%emt 00:01:00]} 26. hxg3 {[%clk 00:33:24]} {[%emt
00:01:10]} Be3+ {[%clk 00:00:35]} {[%emt 00:04:03]} 27. Kg2 {[%clk 00:30:32]}
{[%emt 00:03:23]} Nf2 {[%clk 00:00:38]} {[%emt 00:00:27]} 28. Rxa7 {[%clk
00:28:32]} {[%emt 00:02:29]} Rh1 {[%clk 00:00:32]} {[%emt 00:00:37]} 29. c5
{[%clk 00:26:26]} {[%emt 00:02:36]} f4 {[%clk 00:00:59]} {[%emt 00:00:03]} 30.
Rxd7+ {[%clk 00:26:38]} {[%emt 00:00:18]} Kxd7 {[%clk 00:01:22]} {[%emt
00:00:07]} 31. c6+ {[%clk 00:27:04]} {[%emt 00:00:04]} Kc7 {[%clk 00:01:41]}
{[%emt 00:00:10]} 32. b5 {[%clk 00:26:55]} {[%emt 00:00:39]} Rh8 {[%clk
00:01:43]} {[%emt 00:00:29]} 33. gxf4 {[%clk 00:26:02]} {[%emt 00:01:23]} Nh3
{[%clk 00:01:40]} {[%emt 00:00:33]} 34. Nxe3 {[%clk 00:26:01]} {[%emt
00:00:31]} dxe3 {[%clk 00:01:54]} {[%emt 00:00:15]} 35. Kg3 {[%clk 00:25:27]}
{[%emt 00:01:05]} g5 {[%clk 00:02:09]} {[%emt 00:00:14]} 36. b6+ {[%clk
00:23:45]} {[%emt 00:02:13]} Kxb6 {[%clk 00:02:28]} {[%emt 00:00:11]} 37. c7
{[%clk 00:24:07]} {[%emt 00:00:08]} gxf4+ {[%clk 00:02:51]} {[%emt 00:00:08]}
38. Kg2 {[%clk 00:24:32]} {[%emt 00:00:04]} 1-0

[Event "DVM U20 2020"]
[Site "Willingen GER"]
[Date "2021.06.27"]
[Round "7"]
[White "Garbuz, Vitaliy"]
[Black "Bosselmann, Tom Linus"]
[Result "1/2-1/2"]
[Termination "normal"]
[Board "5.2"]
[WhiteElo "2112"]
[BlackElo "2060"]
[WhiteClock "01:04:23"]
[BlackClock "00:34:49"]
[WhiteTeam "Schachfreunde Brackel 1930 e. V."]
[BlackTeam "Lübecker SV von 1873"]
[PlyCount "46"]
[WhiteFideId "12990710"]
[BlackFideId "12983845"]
[EventCountry "GER"]
[EventRounds "7"]
[EventType "team-swiss"]
[EventDate "2021.06.23"]

1. e4 {[%clk 01:30:57]} {[%emt 00:00:03]} c5 {[%clk 01:30:54]} {[%emt
00:00:06]} 2. d4 {[%clk 01:31:22]} {[%emt 00:00:04]} cxd4 {[%clk 01:30:59]}
{[%emt 00:00:25]} 3. c3 {[%clk 01:31:47]} {[%emt 00:00:05]} Nf6 {[%clk
01:30:15]} {[%emt 00:01:14]} 4. e5 {[%clk 01:32:12]} {[%emt 00:00:06]} Nd5
{[%clk 01:30:39]} {[%emt 00:00:05]} 5. Nf3 {[%clk 01:32:38]} {[%emt 00:00:04]}
e6 {[%clk 01:28:50]} {[%emt 00:02:19]} 6. cxd4 {[%clk 01:33:02]} {[%emt
00:00:06]} d6 {[%clk 01:28:48]} {[%emt 00:00:32]} 7. a3 {[%clk 01:33:24]}
{[%emt 00:00:08]} Nc6 {[%clk 01:28:35]} {[%emt 00:00:43]} 8. Bd3 {[%clk
01:33:43]} {[%emt 00:00:11]} dxe5 {[%clk 01:26:39]} {[%emt 00:02:26]} 9. dxe5
{[%clk 01:34:02]} {[%emt 00:00:10]} g6 {[%clk 01:26:45]} {[%emt 00:00:24]} 10.
O-O {[%clk 01:31:12]} {[%emt 00:03:19]} Bg7 {[%clk 01:27:04]} {[%emt 00:00:12]}
11. Re1 {[%clk 01:31:01]} {[%emt 00:00:42]} O-O {[%clk 01:26:51]} {[%emt
00:00:42]} 12. Qe2 {[%clk 01:30:04]} {[%emt 00:01:27]} Qc7 {[%clk 01:25:40]}
{[%emt 00:01:41]} 13. Bd2 {[%clk 01:27:09]} {[%emt 00:03:25]} b6 {[%clk
01:07:24]} {[%emt 00:18:47]} 14. Nc3 {[%clk 01:27:12]} {[%emt 00:00:26]} Nxc3
{[%clk 01:02:49]} {[%emt 00:05:05]} 15. Bxc3 {[%clk 01:27:21]} {[%emt
00:00:21]} Bb7 {[%clk 01:03:02]} {[%emt 00:00:18]} 16. Rac1 {[%clk 01:27:04]}
{[%emt 00:00:47]} Qe7 {[%clk 01:00:55]} {[%emt 00:02:37]} 17. Be4 {[%clk
01:24:36]} {[%emt 00:02:57]} Rfd8 {[%clk 00:55:44]} {[%emt 00:05:41]} 18. Qb5
{[%clk 01:22:53]} {[%emt 00:02:13]} Rac8 {[%clk 00:50:58]} {[%emt 00:05:17]}
19. Red1 {[%clk 01:19:19]} {[%emt 00:04:03]} Bh6 {[%clk 00:40:56]} {[%emt
00:10:33]} 20. Rxd8+ {[%clk 01:11:58]} {[%emt 00:07:50]} Nxd8 {[%clk 00:40:23]}
{[%emt 00:01:04]} 21. Bxb7 {[%clk 01:11:16]} {[%emt 00:01:13]} Nxb7 {[%clk
00:40:26]} {[%emt 00:00:26]} 22. Rd1 {[%clk 01:06:37]} {[%emt 00:05:08]} Rd8
{[%clk 00:40:17]} {[%emt 00:00:40]} 23. Rd4 {[%clk 01:04:23]} {[%emt 00:02:43]}
Nc5 {[%clk 00:34:49]} {[%emt 00:05:55]} 1/2-1/2